000 01019nac a22002657a 4500
001 BR7702133
003 BR-BrBNA
005 20240105114040.0
008 230509b bl.|||m| |||| 00| 0 por d
040 _aBR-BrBNA
_bpor
_cBiblioteca Nacional de Agricultura
072 _aE30
090 _aE30 BR7702133
110 1 _aUnidade Regional de Supervisao Nordeste de Planejamento Agricola, Recife, PE (Brasil)
_910409
245 1 _aPlano anual de trabalho 1977 [Planejamento agricola; Desenvolvimento Agricola; Unidade Regional de Supervisao Nordeste de Planejamento Agricola; Brasil]
260 3 _aRecife, PE (Brasil):
_cMar 1977.
300 _a56 p.
490 _aPlano Anual de Trabalho - Unidade Regional de Supervisao Nordeste de Planejamento Agricola (Brazil)
_v
_x
500 _a8 tables
650 _aProjeto de desenvolvimento
650 _aPlanejamento agricola
650 _aDesenvolvimento agricola
650 _aNordeste
909 _a202312
_bLúcia Elande
_c55
_dLúcia Elande
942 _2AGRIS
_n0
_cMS
999 _c267099
_d267099